<?xml version="1.0" encoding="UTF-8"?><?xml-stylesheet type="text/xsl" href="static/style.xsl"?><OAI-PMH xmlns="http://www.openarchives.org/OAI/2.0/" xmlns:xsi="http://www.w3.org/2001/XMLSchema-instance" xsi:schemaLocation="http://www.openarchives.org/OAI/2.0/ http://www.openarchives.org/OAI/2.0/OAI-PMH.xsd"><responseDate>2026-04-17T02:24:42Z</responseDate><request verb="GetRecord" identifier="oai:www.recercat.cat:2445/110747" metadataPrefix="marc">https://recercat.cat/oai/request</request><GetRecord><record><header><identifier>oai:recercat.cat:2445/110747</identifier><datestamp>2025-12-05T21:20:46Z</datestamp><setSpec>com_2072_1057</setSpec><setSpec>col_2072_478797</setSpec><setSpec>col_2072_478917</setSpec></header><metadata><record xmlns="http://www.loc.gov/MARC21/slim" xmlns:dcterms="http://purl.org/dc/terms/" xmlns:xsi="http://www.w3.org/2001/XMLSchema-instance" xmlns:doc="http://www.lyncode.com/xoai" xsi:schemaLocation="http://www.loc.gov/MARC21/slim http://www.loc.gov/standards/marcxml/schema/MARC21slim.xsd">
   <leader>00925njm 22002777a 4500</leader>
   <datafield ind2=" " ind1=" " tag="042">
      <subfield code="a">dc</subfield>
   </datafield>
   <datafield ind2=" " ind1=" " tag="720">
      <subfield code="a">Casado, María</subfield>
      <subfield code="e">author</subfield>
   </datafield>
   <datafield ind2=" " ind1=" " tag="260">
      <subfield code="c">2017-05-10T09:45:36Z</subfield>
   </datafield>
   <datafield ind2=" " ind1=" " tag="260">
      <subfield code="c">2017-05-10T09:45:36Z</subfield>
   </datafield>
   <datafield ind2=" " ind1=" " tag="260">
      <subfield code="c">2011</subfield>
   </datafield>
   <datafield ind2=" " ind1=" " tag="260">
      <subfield code="c">2017-05-10T09:45:36Z</subfield>
   </datafield>
   <datafield ind2=" " ind1=" " tag="520">
      <subfield code="a">Aunque en nuestro contexto existe consenso con la idea, central, de que el desequilibrio mujeres-hombres no es admisible y constituye, además, un obstáculo al desarrollo, el hecho constatable es que habiéndose aprobado políticas de igualdad de género en la UE y en todos sus países miembros, estas se han implementado tan escasamente y han obtenido tan magros resultados que nos obligan a reconocer que la representación femenina en el ámbito de la ciencia ha subido de forma insuficientemente significativa. Sin embargo, la infrarrepresentación de las mujeres en la ciencia pone en peligro los objetivos de excelencia científica al desperdiciar vanamente la mitad del talento formado. Las mujeres sólo pueden tener éxito si cambia la definición dominante del éxito, lo cual exige una reestructuración de las instituciones y de la naturaleza del poder y un cambio social liberatorio y plural que compatibilice los cambios en la jerarquía de valores, en los modelos de familia y en el sistema de responsabilidad procreativa.</subfield>
   </datafield>
   <datafield tag="653" ind2=" " ind1=" ">
      <subfield code="a">Gènere</subfield>
   </datafield>
   <datafield tag="653" ind2=" " ind1=" ">
      <subfield code="a">Científics</subfield>
   </datafield>
   <datafield tag="653" ind2=" " ind1=" ">
      <subfield code="a">Científiques</subfield>
   </datafield>
   <datafield tag="653" ind2=" " ind1=" ">
      <subfield code="a">Gender</subfield>
   </datafield>
   <datafield tag="653" ind2=" " ind1=" ">
      <subfield code="a">Scientists</subfield>
   </datafield>
   <datafield tag="653" ind2=" " ind1=" ">
      <subfield code="a">Women scientists</subfield>
   </datafield>
   <datafield ind2="0" ind1="0" tag="245">
      <subfield code="a">Sobre la persistencia del desequilibrio entre mujeres y hombres en el mundo de la ciencia</subfield>
   </datafield>
</record></metadata></record></GetRecord></OAI-PMH>